00254nam a2200097Ia 4500001000800000005001700008008004100025020001800066245005200084260002000136128211720260417163659.0260417s9999 xx 000 0 und d a9789752108394 0aÇiçektop’tan Haber VarcNur İçözü bAltın Kitaplar